-
GOYAL, DR. R.K AND PATEL, DR. N.M
Entry Personal Name
Number of records used in: 1
001 - CONTROL NUMBER
003 - CONTROL NUMBER IDENTIFIER
005 - DATE AND TIME OF LATEST TRANSACTION
- control field:
20230217124107.0
008 - FIXED-LENGTH DATA ELEMENTS
- fixed length control field:
230217|| aca||aabn | a|a d
040 ## - CATALOGING SOURCE
- Original cataloging agency:
JRU
- Transcribing agency:
JRU
100 ## - HEADING--PERSONAL NAME
- Personal name:
GOYAL, DR. R.K AND PATEL, DR. N.M
670 ## - SOURCE DATA FOUND
- Source citation:
Work cat.: (JRU)7978: GOYAL, DR. R.K AND PATEL, DR. N.M, PRACTICAL ANATOMY AND PHYSIOLOGY